[Event "Olimpiada de Khanty-Mansiysk 2010"]
[Site "Khanty-Mansiysk RUS"]
[Date "2010.09.25"]
[Round "5"]
[White "Gomez, John Paul"]
[Black "Larrea, Manuel"]
[Result "1-0"]
[WhiteElo "2527"]
[BlackElo "2323"]
[PlyCount "65"]
[EventDate "2010.09.21"]
[EventType "team"]
[EventRounds "11"]
[EventCountry "RUS"]
[Source "lmi"]
[SourceDate "2010.09.21"]
[WhiteTeam "Filipinas"]
[BlackTeam "Uruguay"]
[WhiteTeamCountry "PHI"]
[BlackTeamCountry "URU"]

1. d4 Nf6 2. c4 g6 3. g3 Bg7 4. Bg2 O-O 5. Nf3 d6 6. O-O Nc6 7. Nc3 a6 8. h3
Rb8 9. e4 b5 10. cxb5 axb5 11. Re1 b4 12. Nd5 Na5 13. Nxf6+ exf6 14. b3 Bd7 15.
Bb2 Qc8 16. Kh2 Qa6 17. Qd2 Rfd8 18. d5 Nb7 19. Bf1 Qb6 20. Bd4 c5 21. dxc6
Qxc6 22. Qb2 Nc5 23. Nd2 Re8 24. Bxf6 Bh6 25. f3 d5 26. Bd4 dxe4 27. Rac1 e3
28. Ne4 Rxe4 29. fxe4 e2 30. Qxe2 Bxc1 31. Rxc1 Nxb3 32. Rxc6 Nxd4 33. Qd3 1-0

[Event "Olimpiada de Khanty-Mansiysk 2010"]
[Site "Khanty-Mansiysk RUS"]
[Date "2010.09.25"]
[Round "5"]
[White "Roselli Mailhe, Bernardo"]
[Black "Torre, Eugenio"]
[Result "1/2-1/2"]
[WhiteElo "2399"]
[BlackElo "2489"]
[PlyCount "51"]
[EventDate "2010.09.21"]
[EventType "team"]
[EventRounds "11"]
[EventCountry "RUS"]
[Source "lmi"]
[SourceDate "2010.09.21"]
[WhiteTeam "Uruguay"]
[BlackTeam "Filipinas"]
[WhiteTeamCountry "URU"]
[BlackTeamCountry "PHI"]

1. d4 Nf6 2. c4 e6 3. Nf3 Bb4+ 4. Bd2 c5 5. Bxb4 cxb4 6. g3 b6 7. Bg2 Bb7 8.
O-O a5 9. Nbd2 O-O 10. Qc2 d6 11. e4 Nfd7 12. Rfe1 Qc7 13. Rac1 Rd8 14. Nf1 Na6
15. Qd2 Nf8 16. Nh4 Qe7 17. f4 Nc7 18. Qe3 Nd7 19. Nd2 Rab8 20. Ndf3 Ne8 21. h3
Rbc8 22. Kh2 Ba6 23. Bf1 Bb7 24. Bg2 Ba6 25. Bf1 Bb7 26. Bg2 1/2-1/2

[Event "Olimpiada de Khanty-Mansiysk 2010"]
[Site "Khanty-Mansiysk RUS"]
[Date "2010.09.25"]
[Round "5"]
[White "Bitoon, Richard"]
[Black "Guerrero, Alvaro"]
[Result "1-0"]
[WhiteElo "2447"]
[BlackElo "2270"]
[PlyCount "85"]
[EventDate "2010.09.21"]
[EventType "team"]
[EventRounds "11"]
[EventCountry "RUS"]
[Source "lmi"]
[SourceDate "2010.09.21"]
[WhiteTeam "Filipinas"]
[BlackTeam "Uruguay"]
[WhiteTeamCountry "PHI"]
[BlackTeamCountry "URU"]

1. e4 c6 2. d4 d5 3. Nd2 dxe4 4. Nxe4 Bf5 5. Ng3 Bg6 6. Nh3 e6 7. Nf4 Bd6 8.
Ngh5 Bxh5 9. Nxh5 g6 10. Ng3 Nf6 11. Bh6 Nbd7 12. c3 Qe7 13. Be2 O-O-O 14. O-O
Rhg8 15. Qc1 Kb8 16. Re1 c5 17. dxc5 Nxc5 18. b4 Nce4 19. Bf3 Nxg3 20. hxg3 Nd7
21. c4 g5 22. c5 Bc7 23. Qc2 Ne5 24. Rxe5 Bxe5 25. Re1 f6 26. b5 Rg6 27. b6
axb6 28. cxb6 Qd6 29. Qe4 Qxb6 30. Rb1 Rd4 31. Qxg6 hxg6 32. Rxb6 g4 33. Be3
gxf3 34. Bxd4 Bxd4 35. Rxe6 fxg2 36. Kxg2 Kc7 37. Re7+ Kc6 38. f4 g5 39. fxg5
fxg5 40. Kf3 Bb2 41. Kg4 Bc1 42. Re1 Bd2 43. Re2 1-0

[Event "Olimpiada de Khanty-Mansiysk 2010"]
[Site "Khanty-Mansiysk RUS"]
[Date "2010.09.25"]
[Round "5"]
[White "Al-Hadarani, Hatim"]
[Black "Filippov, Anton"]
[Result "0-1"]
[WhiteElo "2264"]
[BlackElo "2609"]
[PlyCount "54"]
[EventDate "2010.09.21"]
[EventType "team"]
[EventRounds "11"]
[EventCountry "RUS"]
[Source "lmi"]
[SourceDate "2010.09.21"]
[WhiteTeam "Yemen"]
[BlackTeam "Uzbekistán"]
[WhiteTeamCountry "YEM"]
[BlackTeamCountry "UZB"]

1. Nf3 Nf6 2. g3 d5 3. Bg2 c6 4. O-O Bg4 5. h3 Bh5 6. a4 Nbd7 7. d4 e6 8. Bf4
h6 9. g4 Bg6 10. Nbd2 Ne4 11. Ne5 Nxe5 12. Bxe5 h5 13. Nxe4 Bxe4 14. f3 Bg6 15.
c4 hxg4 16. fxg4 f6 17. Bg3 Bd6 18. Bxd6 Qxd6 19. Qb3 O-O-O 20. c5 Qc7 21. Qc3
f5 22. gxf5 Bxf5 23. b4 g5 24. e4 dxe4 25. b5 g4 26. d5 cxd5 27. b6 axb6 0-1

[Event "Olimpiada de Khanty-Mansiysk 2010"]
[Site "Khanty-Mansiysk RUS"]
[Date "2010.09.25"]
[Round "5"]
[White "Barsov, Alexei"]
[Black "Al Qudaimi, Basheer"]
[Result "1-0"]
[WhiteElo "2509"]
[BlackElo "2428"]
[PlyCount "147"]
[EventDate "2010.09.21"]
[EventType "team"]
[EventRounds "11"]
[EventCountry "RUS"]
[Source "lmi"]
[SourceDate "2010.09.21"]
[WhiteTeam "Uzbekistán"]
[BlackTeam "Yemen"]
[WhiteTeamCountry "UZB"]
[BlackTeamCountry "YEM"]

1. d4 d5 2. c4 e6 3. Nc3 Nf6 4. cxd5 exd5 5. Bg5 Be7 6. e3 c6 7. Bd3 h6 8. Bh4
Ne4 9. Bg3 Bf5 10. Nge2 Nxg3 11. hxg3 Bxd3 12. Qxd3 Nd7 13. g4 Bd6 14. e4 dxe4
15. Nxe4 Bb4+ 16. Kf1 Nb6 17. g5 Qd7 18. gxh6 O-O-O 19. h7 Nd5 20. Ng5 g6 21.
Qh3 f5 22. Ng1 c5 23. N1f3 cxd4 24. Ne5 Qe8 25. Nef7 Nf4 26. Qf3 Qb5+ 27. Kg1
Ne2+ 28. Kh2 Be7 29. g3 Bxg5 30. Nxg5 d3 31. Kg2 Nd4 32. Rac1+ Kb8 33. Qf4+ Ka8
34. Qc7 Qd5+ 35. f3 d2 36. Rc5 Qd7 37. Qxd7 Rxd7 38. Rc8+ Rxc8 39. h8=Q Rdd8
40. Qe5 Nc2 41. Rd1 Ne1+ 42. Kf1 Rc1 43. Qe7 Rh8 44. Qf6 Rhc8 45. Rxd2 Nxf3+
46. Ke2 Nxd2 47. Kxd2 R1c6 48. Qe5 Rc5 49. Qg7 Rd5+ 50. Ke3 Re8+ 51. Kf4 Rd6
52. Qc3 a6 53. Kf3 Red8 54. Ke3 Re8+ 55. Kf2 Rc6 56. Qg7 Rd8 57. Ke3 Re8+ 58.
Kf4 Rc1 59. Kf3 Rc6 60. Nh3 Rd8 61. Nf4 Rdd6 62. a3 a5 63. Kg2 Rb6 64. Kh3 Ka7
65. Qc3 a4 66. Kh4 Rb5 67. Kg5 Rbb6 68. Qa5+ Ra6 69. Qc5+ Kb8 70. Qe5 Ka7 71.
Nd5 Rac6 72. Nf4 Ka6 73. Qe8 Rd2 74. Nxg6 1-0

[Event "Olimpiada de Khanty-Mansiysk 2010"]
[Site "Khanty-Mansiysk RUS"]
[Date "2010.09.25"]
[Round "5"]
[White "Al-Zendani, Zendan"]
[Black "Khamrakulov, Dzhurabek"]
[Result "1/2-1/2"]
[WhiteElo "2400"]
[BlackElo "2485"]
[PlyCount "64"]
[EventDate "2010.09.21"]
[EventType "team"]
[EventRounds "11"]
[EventCountry "RUS"]
[Source "lmi"]
[SourceDate "2010.09.21"]
[WhiteTeam "Yemen"]
[BlackTeam "Uzbekistán"]
[WhiteTeamCountry "YEM"]
[BlackTeamCountry "UZB"]

1. e4 c6 2. d4 d5 3. exd5 cxd5 4. Nf3 Bg4 5. h3 Bxf3 6. Qxf3 Nc6 7. c3 Rc8 8.
Bb5 a6 9. Bxc6+ Rxc6 10. O-O e6 11. Re1 Be7 12. Nd2 Nf6 13. Nf1 Ne4 14. Ng3
Nxg3 15. Qxg3 O-O 16. Bh6 Bf6 17. Rad1 b5 18. a3 a5 19. Rd3 Qe7 20. h4 b4 21.
axb4 axb4 22. Qg4 Rfc8 23. Ree3 Ra8 24. Rg3 g6 25. Bg5 Ra1+ 26. Kh2 Rb1 27. Qe2
bxc3 28. Rxc3 Rxc3 29. bxc3 Bxg5 30. hxg5 Qa3 31. Rf3 Qc1 32. Qe5 Qh1+ 1/2-1/2

[Event "Olimpiada de Khanty-Mansiysk 2010"]
[Site "Khanty-Mansiysk RUS"]
[Date "2010.09.25"]
[Round "5"]
[White "Kvon, Andrey"]
[Black "Gameel, Mohamed"]
[Result "1-0"]
[WhiteElo "2448"]
[BlackElo "2216"]
[PlyCount "117"]
[EventDate "2010.09.21"]
[EventType "team"]
[EventRounds "11"]
[EventCountry "RUS"]
[Source "lmi"]
[SourceDate "2010.09.21"]
[WhiteTeam "Uzbekistán"]
[BlackTeam "Yemen"]
[WhiteTeamCountry "UZB"]
[BlackTeamCountry "YEM"]

1. d4 Nf6 2. c4 e6 3. g3 d5 4. Bg2 c6 5. Nf3 Bb4+ 6. Bd2 Bxd2+ 7. Nbxd2 O-O 8.
O-O Nbd7 9. Qc2 Re8 10. Rad1 e5 11. e4 exd4 12. cxd5 cxd5 13. Nxd4 Qb6 14. Nf5
Qc5 15. Rc1 Qxc2 16. Rxc2 Nb6 17. Nd6 Rd8 18. e5 Ne8 19. Nxe8 Rxe8 20. f4 Bd7
21. Rfc1 f6 22. exf6 gxf6 23. Kf2 Re7 24. Nf3 Bf5 25. Rc7 Rae8 26. Nd4 Be4 27.
Bf1 a6 28. b3 Kf7 29. Bh3 Rxc7 30. Rxc7+ Re7 31. Rc3 Na8 32. Bc8 Nb6 33. Bg4
Na8 34. Bh5+ Bg6 35. Bf3 Be4 36. Rc8 Nb6 37. Rh8 Kg7 38. Rb8 Kf7 39. Bh5+ Bg6
40. Bg4 Be4 41. Bf5 Rc7 42. g4 Ke7 43. a4 Bxf5 44. Nxf5+ Ke6 45. Re8+ Kd7 46.
Re7+ Kd8 47. Rxc7 Kxc7 48. Ke3 Kd7 49. Kd4 Ke6 50. Ne3 a5 51. h4 Kd6 52. h5 Nd7
53. Nxd5 f5 54. g5 Nc5 55. Nf6 Nxb3+ 56. Kc3 Nc5 57. g6 hxg6 58. h6 Nxa4+ 59.
Kc2 1-0

[Event "Olimpiada de Khanty-Mansiysk 2010"]
[Site "Khanty-Mansiysk RUS"]
[Date "2010.09.25"]
[Round "5"]
[White "Morovic Fernandez, Ivan"]
[Black "Esen, Baris"]
[Result "1-0"]
[WhiteElo "2580"]
[BlackElo "2538"]
[PlyCount "87"]
[EventDate "2010.09.21"]
[EventType "team"]
[EventRounds "11"]
[EventCountry "RUS"]
[Source "lmi"]
[SourceDate "2010.09.21"]
[WhiteTeam "Chile"]
[BlackTeam "Turquía"]
[WhiteTeamCountry "CHI"]
[BlackTeamCountry "TUR"]

1. d4 d5 2. c4 c6 3. cxd5 cxd5 4. Nc3 Nf6 5. Bf4 Nc6 6. e3 a6 7. Be2 Bf5 8. Nf3
e6 9. Qb3 Ra7 10. O-O Be7 11. Ne5 Nxe5 12. Bxe5 O-O 13. Rfc1 Nd7 14. Bg3 Nb6
15. Nb5 axb5 16. Bc7 Qa8 17. Bxb6 Ra6 18. Bc5 Bxc5 19. Rxc5 Rc8 20. Rac1 Rac6
21. Qxb5 Rxc5 22. Rxc5 h6 23. a4 b6 24. Qxb6 Rxc5 25. dxc5 Qxa4 26. h3 Qa1+ 27.
Kh2 Qe1 28. Bf3 Qxf2 29. c6 Kh7 30. c7 Qc2 31. Qd6 h5 32. b4 Qc3 33. Qc5 Qe5+
34. Kg1 Qa1+ 35. Kf2 Qb2+ 36. Ke1 Qb1+ 37. Bd1 e5 38. g4 hxg4 39. hxg4 Bxg4 40.
Qc2+ Qxc2 41. Bxc2+ Kg8 42. b5 Kf8 43. b6 Bc8 44. Bf5 1-0

[Event "Olimpiada de Khanty-Mansiysk 2010"]
[Site "Khanty-Mansiysk RUS"]
[Date "2010.09.25"]
[Round "5"]
[White "Haznedaroglu, Kivanc"]
[Black "Vasquez Schroeder, Rodrig"]
[Result "1/2-1/2"]
[WhiteElo "2483"]
[BlackElo "2521"]
[PlyCount "51"]
[EventDate "2010.09.21"]
[EventType "team"]
[EventRounds "11"]
[EventCountry "RUS"]
[Source "lmi"]
[SourceDate "2010.09.21"]
[WhiteTeam "Turquía"]
[BlackTeam "Chile"]
[WhiteTeamCountry "TUR"]
[BlackTeamCountry "CHI"]

1. e4 e6 2. d4 d5 3. e5 c5 4. c3 Nc6 5. Nf3 Bd7 6. Be2 Nge7 7. Na3 cxd4 8. cxd4
Nf5 9. Nc2 Nb4 10. Nxb4 Bxb4+ 11. Bd2 Qb6 12. Bxb4 Qxb4+ 13. Qd2 Qxd2+ 14. Kxd2
Ne7 15. Ne1 Rc8 16. f4 f6 17. Bd3 Nc6 18. Nc2 O-O 19. Rhf1 fxe5 20. fxe5 Rxf1
21. Rxf1 Ne7 22. Rf3 Be8 23. g3 Bh5 24. Rf1 Bg6 25. Bxg6 Nxg6 26. Ne3 1/2-1/2

[Event "Olimpiada de Khanty-Mansiysk 2010"]
[Site "Khanty-Mansiysk RUS"]
[Date "2010.09.25"]
[Round "5"]
[White "Campos Moreno, Javier B"]
[Black "Can, Emre"]
[Result "1-0"]
[WhiteElo "2484"]
[BlackElo "2500"]
[PlyCount "99"]
[EventDate "2010.09.21"]
[EventType "team"]
[EventRounds "11"]
[EventCountry "RUS"]
[Source "lmi"]
[SourceDate "2010.09.21"]
[WhiteTeam "Chile"]
[BlackTeam "Turquía"]
[WhiteTeamCountry "CHI"]
[BlackTeamCountry "TUR"]

1. d4 Nf6 2. c4 g6 3. Nc3 Bg7 4. e4 d6 5. f3 c6 6. Be3 a6 7. c5 b5 8. cxb6 Nbd7
9. Bd3 Qxb6 10. Qd2 O-O 11. Nge2 a5 12. O-O a4 13. Bc2 a3 14. b3 Ba6 15. Rfd1
Qb7 16. Rac1 Rfc8 17. Bd3 c5 18. Bxa6 Qxa6 19. dxc5 Nxc5 20. Nf4 e6 21. Nfe2
Nb7 22. Na4 d5 23. Nb6 Rxc1 24. Rxc1 Rd8 25. exd5 Nxd5 26. Nxd5 Rxd5 27. Qc2
Rd8 28. Ng3 Nd6 29. Rd1 Ra8 30. Ne4 Nf5 31. Bf2 Rc8 32. Qd2 h6 33. Qd7 Bb2 34.
g4 Ng7 35. Nd6 Rf8 36. Nc4 Bf6 37. Bb6 Rb8 38. Rd6 Ne8 39. Rc6 Qb5 40. Kg2 h5
41. h3 Kg7 42. Ba5 Ra8 43. Bb6 Rb8 44. Ba5 h4 45. Kf2 Ba1 46. Bd2 Nf6 47. Qd6
Rb7 48. Rc8 Ne8 49. Qd8 Rd7 50. Qxe8 1-0

[Event "Olimpiada de Khanty-Mansiysk 2010"]
[Site "Khanty-Mansiysk RUS"]
[Date "2010.09.25"]
[Round "5"]
[White "Yilmaz, Mustafa"]
[Black "Lopez Silva, Hugo"]
[Result "1-0"]
[WhiteElo "2482"]
[BlackElo "2413"]
[PlyCount "83"]
[EventDate "2010.09.21"]
[EventType "team"]
[EventRounds "11"]
[EventCountry "RUS"]
[Source "lmi"]
[SourceDate "2010.09.21"]
[WhiteTeam "Turquía"]
[BlackTeam "Chile"]
[WhiteTeamCountry "TUR"]
[BlackTeamCountry "CHI"]

1. e4 e5 2. Nf3 Nc6 3. Bc4 Bc5 4. Nc3 Nf6 5. d3 h6 6. a3 d6 7. Na4 Bb6 8. Nxb6
axb6 9. c3 O-O 10. O-O Ne7 11. Re1 Ng6 12. d4 exd4 13. Qxd4 Re8 14. h3 Ra5 15.
Bf1 Qe7 16. b4 Rh5 17. Ra2 Nd7 18. Qe3 Qf6 19. g4 Nde5 20. Nh2 Rh4 21. f4 Nc6
22. Nf3 h5 23. Nxh4 Qxh4 24. Qf2 hxg4 25. hxg4 Qxg4+ 26. Qg2 Qh4 27. Rf2 Bf5
28. Bd2 Bd7 29. f5 Nge5 30. Bg5 Qh5 31. Be2 Qh7 32. Qg3 Kf8 33. Rh2 Qg8 34. Rg2
Qh7 35. f6 gxf6 36. Bxf6 Re6 37. Rh2 Qxh2+ 38. Qxh2 Rxf6 39. Qh8+ Ke7 40. Rf1
Rg6+ 41. Kf2 Bg4 42. Bxg4 1-0

[Event "Olimpiada de Khanty-Mansiysk 2010"]
[Site "Khanty-Mansiysk RUS"]
[Date "2010.09.25"]
[Round "5"]
[White "Sjugirov, Sanan"]
[Black "Khetho, Phemelo"]
[Result "1-0"]
[WhiteElo "2627"]
[BlackElo "2266"]
[PlyCount "55"]
[EventDate "2010.09.21"]
[EventType "team"]
[EventRounds "11"]
[EventCountry "RUS"]
[Source "lmi"]
[SourceDate "2010.09.21"]
[WhiteTeam "RU4"]
[BlackTeam "Botswana"]
[BlackTeamCountry "BOT"]

1. e4 c5 2. Nf3 e6 3. d4 cxd4 4. Nxd4 a6 5. Bd3 Bc5 6. Nb3 Be7 7. Qg4 g6 8. Qe2
d6 9. O-O Nd7 10. a4 b6 11. Na3 Bb7 12. Nc4 Qc7 13. Be3 Ngf6 14. a5 b5 15. Nb6
Rd8 16. c4 b4 17. Nxd7 Qxd7 18. Bb6 Ra8 19. Rfd1 O-O 20. c5 d5 21. e5 Nh5 22.
g3 f6 23. Nd4 Ng7 24. c6 Bxc6 25. Rdc1 Rfc8 26. Bxa6 Rxa6 27. Qxa6 Bb7 28. Qb5
1-0

[Event "Olimpiada de Khanty-Mansiysk 2010"]
[Site "Khanty-Mansiysk RUS"]
[Date "2010.09.25"]
[Round "5"]
[White "Oatlhotse, Providence"]
[Black "Bezgodov, Alexei"]
[Result "0-1"]
[WhiteElo "2213"]
[BlackElo "2485"]
[PlyCount "90"]
[EventDate "2010.09.21"]
[EventType "team"]
[EventRounds "11"]
[EventCountry "RUS"]
[Source "lmi"]
[SourceDate "2010.09.21"]
[WhiteTeam "Botswana"]
[BlackTeam "RU4"]
[WhiteTeamCountry "BOT"]

1. d4 e6 2. c4 Bb4+ 3. Nd2 d5 4. a3 Be7 5. Ngf3 Nf6 6. e3 O-O 7. Bd3 b6 8. O-O
Bb7 9. b4 a5 10. b5 Nbd7 11. cxd5 exd5 12. Qc2 Bd6 13. Bb2 Re8 14. Bf5 Ne4 15.
a4 Ndf6 16. Ne5 Nxd2 17. Qxd2 Ne4 18. Qe2 Qg5 19. Bd7 Re7 20. Bc6 Bxc6 21. Nxc6
Re6 22. f4 Rh6 23. Rf3 Qf5 24. h3 Re8 25. Rc1 Rg6 26. Ne5 Rg3 27. Rxg3 Nxg3 28.
Qf2 Ne4 29. Qc2 Qe6 30. Qc6 g6 31. Qd7 Qxd7 32. Nxd7 f6 33. Rc6 Rd8 34. Rxd6
Nxd6 35. Nxf6+ Kf7 36. Nxd5 Nc4 37. Nxc7 Nxb2 38. g4 Nxa4 39. f5 gxf5 40. gxf5
Nc3 41. Kf2 a4 42. Ne6 Rc8 43. Kf3 a3 44. e4 a2 45. Ng5+ Kg8 0-1

[Event "Olimpiada de Khanty-Mansiysk 2010"]
[Site "Khanty-Mansiysk RUS"]
[Date "2010.09.25"]
[Round "5"]
[White "Genba, Vladimir"]
[Black "Njobvu, Ignatius"]
[Result "1/2-1/2"]
[WhiteElo "2445"]
[BlackElo "2217"]
[PlyCount "126"]
[EventDate "2010.09.21"]
[EventType "team"]
[EventRounds "11"]
[EventCountry "RUS"]
[Source "lmi"]
[SourceDate "2010.09.21"]
[WhiteTeam "RU4"]
[BlackTeam "Botswana"]
[BlackTeamCountry "BOT"]

1. e4 c6 2. d3 d5 3. Nd2 Nf6 4. Ngf3 Bg4 5. h3 Bh5 6. g3 dxe4 7. dxe4 Nxe4 8.
Qe2 Nxd2 9. Bxd2 Bxf3 10. Qxf3 Qd5 11. Qxd5 cxd5 12. Bg2 e6 13. c4 Nc6 14. cxd5
Nb4 15. Bxb4 Bxb4+ 16. Ke2 e5 17. d6 Bxd6 18. Bxb7 Rb8 19. Bc6+ Ke7 20. b3 Rhc8
21. Rac1 Rc7 22. Rc4 Ba3 23. Rd1 Rd8 24. Rxd8 Kxd8 25. Ra4 Bc5 26. Be4 h6 27.
Rc4 Kd7 28. f3 Kd6 29. b4 Bd4 30. Rxc7 Kxc7 31. Kd3 Bf2 32. g4 Kd6 33. Kc4 Bg1
34. a4 Bf2 35. a5 Bg1 36. Bd5 f6 37. Be4 Bf2 38. Bf5 Bg1 39. Bc2 Bf2 40. Bg6
Bg1 41. b5 Bf2 42. Be4 Bg1 43. b6 axb6 44. a6 b5+ 45. Kxb5 Ba7 46. Kc4 Bg1 47.
Bb7 Ba7 48. Kd3 Bg1 49. Ke4 Ba7 50. Kf5 Ke7 51. Kg6 Kf8 52. Bd5 Bg1 53. Bc4 Bf2
54. Bf1 Ba7 55. h4 Bf2 56. Bh3 Ba7 57. g5 hxg5 58. hxg5 Ke7 59. Kxg7 fxg5 60.
Kg6 Be3 61. Kf5 Kd6 62. Kf6 Kc6 63. Kxe5 Kb6 1/2-1/2

[Event "Olimpiada de Khanty-Mansiysk 2010"]
[Site "Khanty-Mansiysk RUS"]
[Date "2010.09.25"]
[Round "5"]
[White "Gaealafshwe, Barileng"]
[Black "Iljiushenok, Ilia"]
[Result "0-1"]
[WhiteElo "2172"]
[BlackElo "2412"]
[PlyCount "84"]
[EventDate "2010.09.21"]
[EventType "team"]
[EventRounds "11"]
[EventCountry "RUS"]
[Source "lmi"]
[SourceDate "2010.09.21"]
[WhiteTeam "Botswana"]
[BlackTeam "RU4"]
[WhiteTeamCountry "BOT"]

1. Nf3 c5 2. c4 g6 3. Nc3 Bg7 4. d4 cxd4 5. Nxd4 Nc6 6. Nb3 d6 7. e4 Nf6 8. Be2
O-O 9. O-O a5 10. Be3 a4 11. Nd4 Nxd4 12. Bxd4 Qa5 13. f3 Be6 14. Rc1 Nd7 15.
Nd5 Bxd5 16. exd5 Bxd4+ 17. Qxd4 Qc5 18. Qxc5 Nxc5 19. Rfe1 Kg7 20. Rc3 Kf6 21.
Re3 Ra6 22. Bd1 e6 23. dxe6 fxe6 24. f4 Rb6 25. b3 axb3 26. axb3 Rb4 27. Rh3
Kg7 28. Rf3 b5 29. cxb5 Rfxf4 30. Rxf4 Rxf4 31. Bf3 Rb4 32. Bc6 Kf6 33. Ra1
Rxb3 34. Kf2 d5 35. Ra7 h6 36. Rc7 Ke5 37. Be8 Ne4+ 38. Ke2 g5 39. Rb7 d4 40.
b6 d3+ 41. Ke3 d2+ 42. Ke2 Re3+ 0-1

[Event "Olimpiada de Khanty-Mansiysk 2010"]
[Site "Khanty-Mansiysk RUS"]
[Date "2010.09.25"]
[Round "5"]
[White "Lodhi, Mahmood"]
[Black "Sedlak, Nikola"]
[Result "1/2-1/2"]
[WhiteElo "2391"]
[BlackElo "2550"]
[PlyCount "58"]
[EventDate "2010.09.21"]
[EventType "team"]
[EventRounds "11"]
[EventCountry "RUS"]
[Source "lmi"]
[SourceDate "2010.09.21"]
[WhiteTeam "Pakistán"]
[BlackTeam "SRB"]
[WhiteTeamCountry "PAK"]

1. d4 d5 2. Nf3 Nf6 3. g3 Bf5 4. Bg2 e6 5. O-O h6 6. c4 c6 7. b3 Nbd7 8. Bb2
Bd6 9. Nc3 O-O 10. Nd2 Qe7 11. Qc1 e5 12. dxe5 Nxe5 13. cxd5 cxd5 14. Nxd5 Nxd5
15. Bxd5 Rac8 16. Qd1 Rfd8 17. Nc4 Be6 18. Nxd6 Qxd6 19. Bg2 Qa6 20. Qe1 Ng6
21. e3 Rc2 22. Bd4 Bd5 23. Qb1 Qc6 24. Bxd5 Rxd5 25. Rc1 Rdc5 26. Bxc5 Nh4 27.
gxh4 Qg6+ 28. Kf1 Qd3+ 29. Kg1 Qg6+ 1/2-1/2

[Event "Olimpiada de Khanty-Mansiysk 2010"]
[Site "Khanty-Mansiysk RUS"]
[Date "2010.09.25"]
[Round "5"]
[White "Kovacevic, Aleksandar"]
[Black "Amer, Karim"]
[Result "1-0"]
[WhiteElo "2582"]
[BlackElo "2234"]
[PlyCount "111"]
[EventDate "2010.09.21"]
[EventType "team"]
[EventRounds "11"]
[EventCountry "RUS"]
[Source "lmi"]
[SourceDate "2010.09.21"]
[WhiteTeam "SRB"]
[BlackTeam "Pakistán"]
[BlackTeamCountry "PAK"]

1. e4 c5 2. Nf3 Nc6 3. Bb5 g6 4. Bxc6 dxc6 5. d3 Bg7 6. h3 Nf6 7. Be3 b6 8. Nc3
O-O 9. Qd2 Re8 10. Bh6 Bh8 11. O-O Nh5 12. Rad1 e5 13. Nh2 Qd6 14. Ne2 Be6 15.
b3 a5 16. a4 Rad8 17. Qc1 Qc7 18. g4 Ng7 19. Bg5 Ra8 20. Bf6 Bc8 21. f4 exf4
22. Qa1 h6 23. Rxf4 Kh7 24. Rdf1 Be6 25. R4f3 Rg8 26. Nf4 Raf8 27. R1f2 g5 28.
Ne2 Ne8 29. Bxh8 Rxh8 30. Ng3 Rhg8 31. Nhf1 Qd7 32. Ne3 Qd4 33. Qxd4 cxd4 34.
Nef5 c5 35. Ne7 Rh8 36. Nh5 Nc7 37. Kg2 Ne8 38. Kg3 Nd6 39. Rf1 Ne8 40. R3f2
Nd6 41. h4 gxh4+ 42. Kxh4 Nc8 43. Nc6 Kg8 44. Rg1 Re8 45. Nf6+ Kg7 46. Nxe8+
Rxe8 47. Rgf1 Rg8 48. Rf4 Nd6 49. Ne7 Re8 50. Nf5+ Bxf5 51. gxf5 f6 52. Rg4+
Kh7 53. Rfg1 Re7 54. Rg6 Ne8 55. Rg8 Ng7 56. Rf8 1-0

[Event "Olimpiada de Khanty-Mansiysk 2010"]
[Site "Khanty-Mansiysk RUS"]
[Date "2010.09.25"]
[Round "5"]
[White "Wasim, Akram"]
[Black "Ivanisevic, Ivan"]
[Result "0-1"]
[WhiteElo "2054"]
[BlackElo "2613"]
[PlyCount "70"]
[EventDate "2010.09.21"]
[EventType "team"]
[EventRounds "11"]
[EventCountry "RUS"]
[Source "lmi"]
[SourceDate "2010.09.21"]
[WhiteTeam "Pakistán"]
[BlackTeam "SRB"]
[WhiteTeamCountry "PAK"]

1. d4 Nf6 2. Nf3 c5 3. e3 cxd4 4. exd4 d5 5. Bd3 Nc6 6. c3 Bg4 7. O-O e6 8. Bg5
Bd6 9. Nbd2 Qc7 10. h3 Bh5 11. Re1 O-O 12. Qb1 Bg6 13. Bxg6 hxg6 14. Re2 b5 15.
Qd3 Rab8 16. Rc1 Nd7 17. h4 Na5 18. g3 Nc4 19. Nf1 Rfe8 20. Rd1 a5 21. Kg2 b4
22. b3 Na3 23. cxb4 axb4 24. Rc1 Qb7 25. g4 Nf8 26. h5 f6 27. Bd2 gxh5 28. gxh5
Nb5 29. Nh4 Qa7 30. Rc6 Qxd4 31. Qh3 Qa7 32. Qg4 f5 33. Qg5 Be7 34. Qg3 Nd4 35.
Rexe6 Bxh4 0-1

[Event "Olimpiada de Khanty-Mansiysk 2010"]
[Site "Khanty-Mansiysk RUS"]
[Date "2010.09.25"]
[Round "5"]
[White "Smerdon, David"]
[Black "Iordachescu, Viorel"]
[Result "0-1"]
[WhiteElo "2526"]
[BlackElo "2632"]
[PlyCount "84"]
[EventDate "2010.09.21"]
[EventType "team"]
[EventRounds "11"]
[EventCountry "RUS"]
[Source "lmi"]
[SourceDate "2010.09.21"]
[WhiteTeam "Australia"]
[BlackTeam "Moldavia"]
[WhiteTeamCountry "AUS"]
[BlackTeamCountry "MDA"]

1. e4 c6 2. Nc3 d5 3. Nf3 a6 4. d4 Bg4 5. h3 Bh5 6. Bd3 e6 7. Be3 Bb4 8. e5 c5
9. dxc5 Nd7 10. g4 Bg6 11. Bxg6 hxg6 12. Qd4 Qa5 13. Kf1 Bxc5 14. Qf4 Qb4 15.
Qxb4 Bxb4 16. Ne2 Rc8 17. c3 Ba5 18. Bd4 Ne7 19. Nf4 Nc6 20. Kg2 Ke7 21. Rae1
Nxd4 22. Nxd4 g5 23. Nd3 Bd8 24. Rhf1 Nf8 25. f4 gxf4 26. Nxf4 g6 27. g5 Ke8
28. Nf3 Rc4 29. Kg3 Nd7 30. Nd3 Nb8 31. Nf2 Nc6 32. Ng4 Ne7 33. Nh6 Nf5+ 34.
Nxf5 gxf5 35. Rg1 Kf8 36. Kh2 Kg7 37. Rg3 Re4 38. Reg1 Bc7 39. g6 f6 40. Nd4
Rxe5 41. Kh1 Re4 42. Rf3 Rh6 0-1

[Event "Olimpiada de Khanty-Mansiysk 2010"]
[Site "Khanty-Mansiysk RUS"]
[Date "2010.09.25"]
[Round "5"]
[White "Svetushkin, Dmitry"]
[Black "Xie, George Wendi"]
[Result "0-1"]
[WhiteElo "2552"]
[BlackElo "2478"]
[PlyCount "114"]
[EventDate "2010.09.21"]
[EventType "team"]
[EventRounds "11"]
[EventCountry "RUS"]
[Source "lmi"]
[SourceDate "2010.09.21"]
[WhiteTeam "Moldavia"]
[BlackTeam "Australia"]
[WhiteTeamCountry "MDA"]
[BlackTeamCountry "AUS"]

1. d4 Nf6 2. c4 e6 3. Nf3 b6 4. Nc3 Bb4 5. Qc2 Bb7 6. a3 Bxc3+ 7. Qxc3 Ne4 8.
Qc2 d6 9. e3 Nd7 10. Be2 Qe7 11. O-O f5 12. Ne1 O-O 13. f3 Ng5 14. Nd3 e5 15.
d5 e4 16. Ne1 exf3 17. Nxf3 Nxf3+ 18. Bxf3 Ne5 19. Be2 c6 20. Qd1 cxd5 21. cxd5
Rac8 22. b4 Nc4 23. Qd4 Qe5 24. Rd1 Qxd4 25. Rxd4 Ne5 26. Bd2 a6 27. h3 Rfe8
28. Rf1 g6 29. e4 fxe4 30. Rxe4 Bxd5 31. Rd4 Bc4 32. Bxc4+ Nxc4 33. Bh6 b5 34.
h4 Rcd8 35. Rf6 Ne5 36. Kh2 Nf7 37. Bd2 Kg7 38. Rf1 Rc8 39. Kh3 Rc4 40. Rd3 Kg8
41. Rdf3 Re7 42. R1f2 d5 43. Rf6 Ra7 44. Rb6 d4 45. g4 d3 46. h5 Kg7 47. hxg6
hxg6 48. Rff6 Rc2 49. Rxg6+ Kh7 50. Bh6 Ne5 51. Rge6 Nc4 52. Rb8 Re2 53. Rf6
Re1 54. Kg2 d2 55. Bxd2 Re2+ 56. Kg3 Nxd2 57. Rc6 Rf7 0-1